Dirty Harry Movies - Statistics

General Stats
  • This quiz has been taken 14 times
  • The average score is 4 of 5
Answer Stats
Picture Answer % Correct
Dirty Harry
100%
Magnum Force
100%
The Dead Pool
71%
Sudden Impact
57%
The Enforcer
57%
No matching quizzes found
Score Distribution
Percent of People with Each Score
Percentile by Number Answered
Your Score History
You have not taken this quiz